Wild fire (Record no. 85620)

MARC details
000 -LEADER
fixed length control field 00479 a2200169 4500
005 - DATE AND TIME OF LATEST TRANSACTION
control field 20170214144230.0
008 - FIXED-LENGTH DATA ELEMENTS--GENERAL INFORMATION
fixed length control field 170214b xxu||||| |||| 00| 0 eng d
020 ## - INTERNATIONAL STANDARD BOOK NUMBER
International Standard Book Number 9789383064687
080 ## - UNIVERSAL DECIMAL CLASSIFICATION NUMBER
Universal Decimal Classification number 591.9(540)
Item number THA R
100 ## - MAIN ENTRY--PERSONAL NAME
Personal name Thapar, Valmik
245 ## - TITLE STATEMENT
Title Wild fire
Remainder of title the splendours of India's animal kingdom
260 ## - PUBLICATION, DISTRIBUTION, ETC. (IMPRINT)
Date of publication, distribution, etc 2014
Place of publication, distribution, etc New Delhi
Name of publisher, distributor, etc Aleph book company
300 ## - PHYSICAL DESCRIPTION
Extent 487p.
653 ## - INDEX TERM--UNCONTROLLED
Uncontrolled term Animal kingdom - India - Wild animals
653 ## - INDEX TERM--UNCONTROLLED
Uncontrolled term Fauna - India
942 ## - ADDED ENTRY ELEMENTS (KOHA)
item type Reference
Holdings
Lost status Source of classification or shelving scheme Not for loan Home library Current library Date acquired Cost, normal purchase price Total Checkouts Full call number Barcode Date last seen Cost, replacement price Price effective from Koha item type
  Universal Decimal Classification   University Library University Library 04/03/2016 0.00   591.9(540) THA R 00076529 15/03/2016 0.00 04/03/2016 Books
University Library, CUSAT